000 00840nam a2200205Ia 4500
003 GCL
005 20240530110931.0
008 140319s9999 xx 000 0 ara d
040 _aGCL /
_cGCL
082 0 4 _a413.1
_bف ق
100 1 _aالفيروزبادى : مجدالدين ابوطاهر محمد بن يعقوب بن محمد بن ابراهيم بن محمد الشيرازى
245 1 0 _aالقاموس المحيط /
_cالفيروزبادى : مجدالدين ابوطاهر محمد بن يعقوب بن محمد بن ابراهيم بن محمد الشيرازى
260 _aبيروت :
_bدار الجيل،
300 _a4 مج ؛
_c24 سم
650 0 4 _aالاشتقاق
650 0 4 _aاللغة العربية
650 0 4 _aالمعاجم
650 0 4 _aالمترادفات والاضداد
942 _2ddc
_cBK
999 _c66647
_d66647